00393nam a2200169Ia 4500008004100000020001800041050001600059100002200075245002000097245002500117260001000142260001600152260000900168300001600177300002000193300001000213170918s9999 xx 000 0 und d a9780061015731 bC928st 2004 aCrichton, Michael aState of fear / cby Michael Crichton. aUSA : bAvon Books, c2004 a672 pages : billustrations ; c19cm.